000 00734nam a2200265Ia 4500
005 20260302114741.0
008 008 260114s9999 xx 000 0 eng d
020 _a9781978723382
037 _aTextbook
040 _aCRL
040 _beng
040 _cCRL
041 _2eng
041 _aeng
084 _qCRL
100 _aAndrew M. Drozd, Brendan G. Mooney & Stephen M. Woodburn
_91119645
245 0 _aReading Darwin in Imperial Russia Literature and Ideas
260 _bBloomsbury
260 _bLexington Books
260 _c2023
650 _aLiterary Studies
856 _uhttps://doi.org/10.5040/9781978723382?locatt=label:secondary_bloomsburyCollections
942 _cEBOOK
999 _c1683707
_d1683707